|
|
|
|
| LEADER |
00000nab a2200000 a 4500 |
| 001 |
vtls009189207 |
| 003 |
SK-MaSNL |
| 005 |
20260304150803.0 |
| 008 |
250506c20072008xo mr|p|||a |000 b|slo |
| 015 |
|
|
|a SNBRB2008/02
|
| 035 |
|
|
|a (uuid)589b1b1f-fb73-4791-abf6-82b6bec68f28
|
| 035 |
|
|
|a urn:nbn:sk:snk-ab2gwk
|
| 035 |
|
|
|a (urnnbn)urn:nbn:sk:snk:ar-a02eq0
|
| 038 |
|
|
|a SPK
|
| 040 |
|
|
|a SNKBUCL
|b slo
|c SNKBUCL
|e AACR2
|
| 041 |
1 |
|
|a slo
|b slo
|h eng
|
| 044 |
|
|
|a xo
|c SK
|
| 072 |
|
7 |
|a 159.95
|x Vyššie duševné procesy
|2 konspekt
|
| 080 |
|
|
|a 159.953.5
|2 1997
|
| 100 |
1 |
|
|a Ferguson, Marilyn
|4 aut
|9 1471819
|
| 245 |
1 |
0 |
|a Premena školy začína v hlavách
|b (nové horizonty učenia)
|c Marilyn Fergusonová ; preložil Vlastimil Marek
|
| 300 |
|
|
|b Fotogr.
|
| 546 |
|
|
|a Res. slov.
|
| 650 |
0 |
7 |
|a učenie
|2 snkbucl
|9 3884
|
| 700 |
1 |
|
|a Marek, Vlastimil,
|4 trl
|9 1032147
|
| 773 |
0 |
|
|t Naša škola
|g Roč. 11., č. 5-6 (2007/2008), s.6-11
|
| 850 |
|
|
|a Slovenská národná knižnica
|
| 852 |
|
|
|a Slovenská národná knižnica
|
| 954 |
|
|
|a odborná, vedecká literatúra cudzojazyčná (svetová)
|2 lita
|
| 958 |
|
|
|a article27
|
| 958 |
|
|
|a OND
|
| 958 |
|
|
|a EUIPO
|
| 999 |
|
|
|c 2939613
|d 2941543
|